000 00385nam a2200157Ia 4500
008 231221s9999 xx 000 0 und d
041 _aEnglish
082 _a658.8 SAX;1 R
100 _aSaxena, Rajan
245 0 _aMarketing management
250 _a2nd rd
260 _c2002
_bTata McGraw-Hill
_aNEW DELHI
300 _axv+669
650 _aMarketing,management
942 _cBM
999 _c201638
_d201638